000 00633nab#a2200193#c#4500
999 _c87780
_d87780
003 IEF
005 20191203181656.0
008 950704s1976 uuu|| #####0 b| |u
040 _aIEF
_cES-MaIEF
245 _aLa industria del acero
_b[Informe de la fase I del "Development Coordinating Committee" del "Committee of the British Iron and Steel Federation", julio 1966]
260 _c1976
650 4 _aINDUSTRIA SIDEROMETALURGICA
_946755
650 4 _aREINO UNIDO
_948241
650 4 _aPOLITICA INDUSTRIAL
_948060
773 0 _tHacienda pública española
_w34570
_g41, p. 310-315
942 _2udc
942 _2udc